| 000 | 00872nam a2200277 a 4500 | ||
|---|---|---|---|
| 999 |
_c8489 _d8489 |
||
| 001 | 8489 | ||
| 003 | BD-JhCC | ||
| 005 | 20181003174158.0 | ||
| 008 | 180225s1914 enka 001 0 eng d | ||
| 035 | _a(BD-JhCC)8489 | ||
| 040 |
_aUkCU _cUkCU _dBD-JhCC |
||
| 041 | _aeng | ||
| 082 |
_bBHA 1963 _a540 |
||
| 100 | 1 |
_aBhal, B. S. _q(James Eckersley), _d1890- |
|
| 245 | 1 | 0 |
_aElementary practical chemistry : _bfor medical and other students / _cB. S. Bhal A. N. Sharma |
| 260 |
_aLondon : _bCharles Griffin, _c1963. |
||
| 300 |
_aviii, 258, p. : _bill. ; _c20 cm. |
||
| 490 | 1 | _aGriffin's scientific text-books | |
| 504 | _aIncludes index. | ||
| 650 | 0 |
_aChemistry, Analytic _vTextbooks. |
|
| 650 | 0 |
_aChemistry _xExperiments. |
|
| 700 | 1 |
_aFirth, J. B. _q(James Brierley), _d1888- |
|
| 830 | 0 | _aGriffin's scientific textbooks. | |
| 942 |
_2ddc _cBK |
||